[Event "30th NATO Chess Championship"]
[Site "Berlin"]
[Date "2019.09.18"]
[Round "4.17"]
[White "Andersen, Hans Christoph"]
[Black "Randall, Gordon"]
[Result "1-0"]
[WhiteElo "2201"]
[BlackElo "1975"]
[PlyCount "85"]
[EventDate "2019.09.16"]
[EventType "team-tourn"]
[EventRounds "7"]
[EventCountry "GER"]

1. d4 Nf6 2. c4 c5 3. d5 e6 4. Nc3 exd5 5. cxd5 d6 6. e4 g6 7. f4 Bg7 8. Bb5+
Nfd7 9. Nf3 a6 10. Bd3 b5 11. O-O O-O 12. Kh1 Bb7 13. a3 Nb6 14. f5 N8d7 15.
Bg5 Nf6 16. Qd2 Qc7 17. Qf4 b4 18. axb4 cxb4 19. Ne2 Nbxd5 20. exd5 Nxd5 21.
Qd2 Rfe8 22. Rac1 Qb6 23. fxg6 hxg6 24. Bc4 Nf6 25. Bxf6 Bxf6 26. Nf4 Rad8 27.
Bd5 Qb5 28. Bxb7 Qxb7 29. Nd5 Bxb2 30. Rc7 Qb5 31. Rf2 Bg7 32. Rxf7 b3 33.
Rxg7+ Kxg7 34. Qd4+ Kh6 35. Qh4+ Kg7 36. Qd4+ Kh6 37. h3 Rc8 38. Qh4+ Kg7 39.
Qd4+ Kh6 40. Qf4+ Kg7 41. Qf6+ Kh6 42. Qg5+ Kg7 43. Nd4 1-0

[Event "30th NATO Chess Championship"]
[Site "Berlin"]
[Date "2019.09.18"]
[Round "4.18"]
[White "Bohn, Ulrich"]
[Black "Steffers, Hendrik"]
[Result "1-0"]
[WhiteElo "2157"]
[BlackElo "1965"]
[PlyCount "83"]
[EventDate "2019.09.16"]
[EventType "team-tourn"]
[EventRounds "7"]
[EventCountry "GER"]

1. d4 Nf6 2. Bf4 d5 3. e3 e6 4. Nd2 Bd6 5. Bg3 O-O 6. Ngf3 b6 7. c3 Bb7 8. Bd3
Ne4 9. Bh4 Be7 10. Bg3 Nd7 11. Qc2 f5 12. O-O Rc8 13. Rfe1 c5 14. Qd1 Ndf6 15.
Nf1 Kh8 16. Be5 Ng4 17. Re2 Nxe5 18. Nxe5 Bd6 19. f4 Bxe5 20. fxe5 Qg5 21. Qe1
Rc7 22. a4 a5 23. b4 c4 24. Bxe4 dxe4 25. b5 Rcf7 26. Raa2 h5 27. Rf2 Qh6 28.
h4 g5 29. hxg5 Qxg5 30. Rf4 Rh7 31. Qh4 Qh6 32. Raf2 Rg8 33. Nh2 Bc8 34. Nf1
Rhg7 35. Nd2 Rg4 36. Qh2 h4 37. Kf1 Qh5 38. Ke1 h3 39. gxh3 Rg1+ 40. Nf1 R8g3
41. Re2 Qh4 42. Rxh4+ 1-0

[Event "30th NATO Chess Championship"]
[Site "Berlin"]
[Date "2019.09.18"]
[Round "4.19"]
[White "Tucker, David Sidney"]
[Black "Hansen, Stefan"]
[Result "0-1"]
[WhiteElo "1997"]
[BlackElo "2120"]
[PlyCount "98"]
[EventDate "2019.09.16"]
[EventType "team-tourn"]
[EventRounds "7"]
[EventCountry "GER"]

1. e4 d5 2. exd5 Nf6 3. Bb5+ Bd7 4. Be2 Nxd5 5. d4 Bf5 6. Nf3 e6 7. O-O Be7 8.
a3 O-O 9. c4 Nb6 10. Be3 Nc6 11. Nc3 Bf6 12. Qd2 Na5 13. Bd1 Naxc4 14. Qe2 Nxe3
15. fxe3 Nd5 16. e4 Nxc3 17. bxc3 Bg6 18. Bc2 c5 19. e5 Be7 20. Bxg6 hxg6 21.
Rfb1 Qc7 22. Qe4 Rab8 23. d5 exd5 24. Qxd5 b6 25. a4 c4 26. Kh1 Rbd8 27. Qe4
Rd3 28. Nd4 a6 29. Rc1 Bg5 30. Rc2 Re8 31. Nf3 f5 32. Qe1 Bh6 33. Re2 f4 34.
Rd1 Re3 35. Rd4 b5 36. axb5 axb5 37. h4 Qc6 38. Kg1 Qb6 39. Kf1 Rc8 40. Rxe3
fxe3 41. Rd6 Qb7 42. Qd1 b4 43. cxb4 c3 44. Qb3+ Kh8 45. Nd4 Qe4 46. Qd5 e2+
47. Nxe2 Rf8+ 48. Ke1 Bd2+ 49. Kd1 Rf1# 0-1

[Event "30th NATO Chess Championship"]
[Site "Berlin"]
[Date "2019.09.18"]
[Round "4.20"]
[White "Almonti, Alessandro"]
[Black "Cichy, Kamil"]
[Result "1/2-1/2"]
[WhiteElo "1976"]
[BlackElo "2106"]
[PlyCount "82"]
[EventDate "2019.09.16"]
[EventType "team-tourn"]
[EventRounds "7"]
[EventCountry "GER"]

1. Nf3 d5 2. c4 d4 3. b4 c5 4. e3 Nf6 5. exd4 cxd4 6. Bb2 e5 7. Nxe5 Bd6 8. Nd3
O-O 9. Be2 Re8 10. O-O Qc7 11. h3 Qxc4 12. Na3 Qd5 13. Re1 Nc6 14. Bf3 Rxe1+
15. Qxe1 Qg5 16. Nc4 Nxb4 17. Nxd6 Nxd3 18. Qe7 Be6 19. Bxd4 Nf4 20. Bxf6 gxf6
21. Ne4 Nxh3+ 22. Kf1 Qe5 23. Qxf6 Bc4+ 24. Ke1 Re8 25. Qxe5 Rxe5 26. d4 Re7
27. gxh3 f5 28. Kd2 fxe4 29. Be2 Bd5 30. h4 Rf7 31. Ke3 Rc7 32. Kd2 Kf7 33. a3
Rc6 34. Rc1 Rb6 35. Rc3 Kf6 36. Ke3 a5 37. f3 Re6 38. Kf4 a4 39. Re3 exf3 40.
Bxf3 Bxf3 41. Kxf3 Rd6 1/2-1/2

[Event "30th NATO Chess Championship"]
[Site "Berlin"]
[Date "2019.09.18"]
[Round "4.21"]
[White "Crapulli, Giuseppe"]
[Black "Mestek, Igor"]
[Result "1/2-1/2"]
[WhiteElo "1836"]
[BlackElo "2087"]
[PlyCount "93"]
[EventDate "2019.09.16"]
[EventType "team-tourn"]
[EventRounds "7"]
[EventCountry "GER"]

1. e4 c5 2. Nf3 a6 3. c4 Nc6 4. d4 cxd4 5. Nxd4 e6 6. Nxc6 bxc6 7. Nc3 e5 8.
Be2 Nf6 9. O-O Bc5 10. Qd3 O-O 11. Be3 Qe7 12. Bxc5 Qxc5 13. Rfd1 Rd8 14. Qd6
Qxd6 15. Rxd6 Kf8 16. c5 Rb8 17. b3 Ne8 18. Rd2 Nc7 19. Bc4 Ke7 20. Rad1 Nb5
21. Bxb5 axb5 22. b4 Ra8 23. Rd6 Re8 24. Kf1 Ra3 25. R1d3 Ra6 26. Ke1 Rf8 27.
g4 h6 28. Kd2 Rh8 29. Kc2 Ra7 30. Kb3 Rd8 31. Ne2 Rc7 32. Ng3 g6 33. h4 Kf8 34.
h5 Kg7 35. Rf3 Re8 36. Rdf6 d6 37. Rxd6 Bxg4 38. Rfd3 Ree7 39. f3 Be6+ 40. Kb2
Bc4 41. Rd2 Ra7 42. a3 Rac7 43. Rg2 Kh7 44. Rgd2 Kg7 45. Rg2 Kh7 46. Rgd2 Kg7
47. Rg2 1/2-1/2

[Event "30th NATO Chess Championship"]
[Site "Berlin"]
[Date "2019.09.18"]
[Round "4.22"]
[White "Charles, Freddy"]
[Black "Oltean, Gusztav"]
[Result "0-1"]
[WhiteElo "1655"]
[BlackElo "2053"]
[PlyCount "88"]
[EventDate "2019.09.16"]
[EventType "team-tourn"]
[EventRounds "7"]
[EventCountry "GER"]

1. d4 c5 2. d5 Nf6 3. Nc3 d6 4. e4 g6 5. Be2 Bg7 6. Nf3 O-O 7. O-O Bg4 8. Nd2
Bxe2 9. Qxe2 Nfd7 10. Nc4 Nb6 11. a4 Nxc4 12. Qxc4 a6 13. a5 Nd7 14. Qe2 b5 15.
axb6 Qxb6 16. Bg5 Rfe8 17. Na4 Qb5 18. c4 Qb7 19. Bd2 Reb8 20. Bc3 Bxc3 21.
bxc3 Qc7 22. f4 Rb3 23. Ra2 Rab8 24. Rfa1 Rb1+ 25. Rxb1 Rxb1+ 26. Kf2 Rb3 27.
Qc2 Rb7 28. Rb2 Qb8 29. Ke2 Rxb2 30. Nxb2 Qb6 31. Kd2 Nf6 32. Na4 Qa5 33. Kd3
Qc7 34. Qb3 Qd7 35. h3 Kg7 36. Nb2 Qc7 37. Na4 Nd7 38. g4 e6 39. Ke3 e5 40. f5
Qd8 41. fxg6 hxg6 42. Qb1 Qg5+ 43. Kd3 Qf4 44. Qe1 Qf3+ 0-1

[Event "30th NATO Chess Championship"]
[Site "Berlin"]
[Date "2019.09.18"]
[Round "4.23"]
[White "Korge, Kersti"]
[Black "Keough, Robert W"]
[Result "0-1"]
[WhiteElo "1842"]
[BlackElo "2108"]
[PlyCount "46"]
[EventDate "2019.09.16"]
[EventType "team-tourn"]
[EventRounds "7"]
[EventCountry "GER"]

1. e4 c5 2. c3 g6 3. Nf3 Bg7 4. d3 d6 5. g3 Nc6 6. Bg2 e5 7. O-O Nge7 8. Nbd2
O-O 9. Re1 f5 10. exf5 gxf5 11. h4 Kh8 12. Nf1 Be6 13. N3h2 Qd7 14. h5 Rg8 15.
h6 Bf6 16. Qh5 Qe8 17. Qe2 Qf7 18. f4 Bd5 19. Nf3 Bxf3 20. Bxf3 Ng6 21. fxe5
Ncxe5 22. Kf2 Rae8 23. Ne3 f4 0-1

[Event "30th NATO Chess Championship"]
[Site "Berlin"]
[Date "2019.09.18"]
[Round "4.24"]
[White "Tocco, Paolo"]
[Black "Hater, David"]
[Result "1-0"]
[WhiteElo "2089"]
[BlackElo "1973"]
[PlyCount "29"]
[EventDate "2019.09.16"]
[EventType "team-tourn"]
[EventRounds "7"]
[EventCountry "GER"]

1. d4 Nf6 2. Nc3 d5 3. Bf4 g6 4. e3 Bg7 5. h4 O-O 6. h5 Nxh5 7. Rxh5 gxh5 8.
Qxh5 e6 9. Bd3 f5 10. Nf3 Bd7 11. O-O-O Be8 12. Qh2 Na6 13. Ng5 Rf6 14. Qxh7+
Kf8 15. Be5 1-0

[Event "30th NATO Chess Championship"]
[Site "Berlin"]
[Date "2019.09.18"]
[Round "4.25"]
[White "Sauer, Marko"]
[Black "Pirs, Matjaz2"]
[Result "0-1"]
[WhiteElo "2081"]
[BlackElo "1918"]
[PlyCount "94"]
[EventDate "2019.09.16"]
[EventType "team-tourn"]
[EventRounds "7"]
[EventCountry "GER"]

1. e4 e5 2. Nf3 Nc6 3. Bc4 Nf6 4. d4 exd4 5. e5 d5 6. Bb5 Ne4 7. Nxd4 Bd7 8.
Bxc6 bxc6 9. O-O Be7 10. f3 Nc5 11. c3 O-O 12. Qe2 Qe8 13. Be3 f6 14. exf6 Bxf6
15. Qd2 Nb7 16. Na3 Qf7 17. Rae1 Rfe8 18. Nac2 Nd6 19. Bf2 Nc4 20. Qc1 a5 21.
Ne3 Bg5 22. b3 Nxe3 23. Bxe3 Bxe3+ 24. Rxe3 Rxe3 25. Qxe3 Re8 26. Qd2 c5 27.
Nc2 a4 28. Rd1 axb3 29. axb3 c6 30. Ne1 Bf5 31. Nd3 Bxd3 32. Qxd3 Qb7 33. Rb1
Qa7 34. c4 d4 35. b4 cxb4 36. Rxb4 Qa1+ 37. Rb1 Re1+ 38. Rxe1 Qxe1+ 39. Qf1
Qe3+ 40. Kh1 d3 41. Qb1 h5 42. Qb8+ Kh7 43. Qb1 g6 44. h4 d2 45. Kh2 Qe1 46.
Qb7+ Kh6 47. g4 Qf2+ 0-1

[Event "30th NATO Chess Championship"]
[Site "Berlin"]
[Date "2019.09.18"]
[Round "4.26"]
[White "Kraft, Chip"]
[Black "Wagenaar, Harm Theo"]
[Result "0-1"]
[WhiteElo "2050"]
[BlackElo "1879"]
[PlyCount "132"]
[EventDate "2019.09.16"]
[EventType "team-tourn"]
[EventRounds "7"]
[EventCountry "GER"]

1. c4 c5 2. Nc3 Nc6 3. g3 g6 4. Bg2 Bg7 5. e4 e5 6. Nge2 Nge7 7. O-O O-O 8. Rb1
Rb8 9. a3 a5 10. d3 d6 11. Nb5 Be6 12. Bd2 Qd7 13. Qe1 b6 14. f4 f5 15. Nec3
Nd4 16. Nxd4 exd4 17. Nd5 Bxd5 18. cxd5 Rfe8 19. Qf2 Rbd8 20. Qf3 Qc7 21. g4
Rf8 22. b3 Kh8 23. h4 Qd7 24. Bh3 Qe8 25. Kg2 Qf7 26. Rh1 h5 27. gxf5 gxf5 28.
Kh2 Bh6 29. Rbf1 Rg8 30. Be1 Rg7 31. Bg3 Rf8 32. Rhg1 Rd8 33. Qe2 Rdg8 34. Qf3
Rd8 35. Rf2 Rdg8 36. Rff1 Rd8 37. Kh1 Rf8 38. Bh2 Rfg8 39. Rxg7 Rxg7 40. Bg3
Kh7 41. Kh2 Kh8 42. Rb1 Rg8 43. b4 cxb4 44. axb4 a4 45. Rc1 a3 46. Ra1 Ra8 47.
Bf1 Bg7 48. Ra2 Ra7 49. Be2 Kg8 50. Be1 Bh6 51. Bg3 Bg7 52. Bd1 Kf8 53. Bb3 Qg6
54. e5 b5 55. Qf2 dxe5 56. fxe5 Qg4 57. d6 Nc6 58. e6 Be5 59. Bxe5 Nxe5 60. Bd5
Nxd3 61. Qg3 Nxb4 62. Qxg4 fxg4 63. e7+ Ke8 64. Rf2 Rxe7 65. dxe7 Nxd5 66. Rd2
b4 0-1

[Event "30th NATO Chess Championship"]
[Site "Berlin"]
[Date "2019.09.18"]
[Round "4.27"]
[White "Marquardt, Christian"]
[Black "Glibert, Stephane"]
[Result "1/2-1/2"]
[WhiteElo "2049"]
[BlackElo "1865"]
[PlyCount "81"]
[EventDate "2019.09.16"]
[EventType "team-tourn"]
[EventRounds "7"]
[EventCountry "GER"]

1. d4 Nf6 2. Bg5 Ne4 3. Bf4 d5 4. e3 e6 5. Bd3 Bd6 6. Bxe4 Bxf4 7. Bd3 Bd6 8.
Nf3 Nd7 9. O-O b6 10. Nbd2 Bb7 11. a4 c5 12. c3 O-O 13. Qe2 f5 14. c4 e5 15.
dxe5 Nxe5 16. Nxe5 Bxe5 17. Nf3 Qf6 18. Nxe5 Qxe5 19. Rfd1 a5 20. cxd5 Rad8 21.
Bc4 Rd6 22. Rd2 Rfd8 23. Rad1 Kf8 24. Qf3 Ke7 25. g3 Rf8 26. b3 Rff6 27. Re2
Qe4 28. Kg2 g5 29. g4 Qe5 30. Qg3 Bxd5+ 31. Bxd5 Rxd5 32. Qxe5+ Rxe5 33. Red2
Kf7 34. Rd7+ Re7 35. R7d5 Kg6 36. gxf5+ Rxf5 37. Kf1 Rf6 38. Ke2 Re4 39. R1d3
Rh4 40. Rd6 Rb4 41. f3 1/2-1/2

[Event "30th NATO Chess Championship"]
[Site "Berlin"]
[Date "2019.09.18"]
[Round "4.28"]
[White "Slaidins, Janis"]
[Black "Oblak, Nicholas"]
[Result "0-1"]
[WhiteElo "1834"]
[BlackElo "2048"]
[PlyCount "58"]
[EventDate "2019.09.16"]
[EventType "team-tourn"]
[EventRounds "7"]
[EventCountry "GER"]

1. e4 c5 2. Nf3 g6 3. Bc4 Bg7 4. c3 d6 5. O-O Nf6 6. e5 dxe5 7. Nxe5 O-O 8. d4
cxd4 9. cxd4 Nbd7 10. f4 Nb6 11. b3 Bf5 12. Ba3 Nbd5 13. Qd2 Rc8 14. Bxd5 Nxd5
15. g4 Rc2 16. Qe1 Bxg4 17. Nd2 Bxe5 18. fxe5 Nc3 19. Qe3 Ne2+ 20. Kg2 Rxd2 21.
Qxd2 Qd5+ 22. Kf2 Nxd4 23. Rac1 Qf3+ 24. Ke1 Qe4+ 25. Kf2 Bh3 26. Rg1 Qf5+ 27.
Kg3 Qf3+ 28. Kh4 Nf5+ 29. Kg5 h6# 0-1

[Event "30th NATO Chess Championship"]
[Site "Berlin"]
[Date "2019.09.18"]
[Round "4.29"]
[White "Christen, Pierre"]
[Black "Nielsen, Jan Mose"]
[Result "1/2-1/2"]
[WhiteElo "1837"]
[BlackElo "2044"]
[PlyCount "124"]
[EventDate "2019.09.16"]
[EventType "team-tourn"]
[EventRounds "7"]
[EventCountry "GER"]

1. c4 c6 2. g3 e5 3. Bg2 f5 4. e4 d6 5. d3 Nf6 6. Nc3 Be6 7. Nf3 fxe4 8. Ng5
Bg4 9. Qb3 Qb6 10. Qxb6 axb6 11. Ncxe4 h6 12. Nxf6+ gxf6 13. Ne4 Nd7 14. h3 Be6
15. Nc3 h5 16. h4 Nc5 17. Ke2 Nb3 18. Rb1 Nd4+ 19. Kf1 Bh6 20. Be3 Bxe3 21.
fxe3 Nf5 22. Kf2 Ke7 23. Bh3 Nh6 24. Bxe6 Kxe6 25. a3 Rhg8 26. Rbf1 Rg4 27.
Rhg1 Rag8 28. Ne2 d5 29. cxd5+ Kxd5 30. e4+ Ke6 31. Re1 Rd8 32. Ke3 Rg7 33. Rd1
c5 34. Nc3 Rdg8 35. Kf3 f5 36. exf5+ Nxf5 37. Ne4 Nxh4+ 38. Kf2 Rf8+ 39. Ke2
Nf5 40. Rdf1 Nd4+ 41. Ke3 Nf5+ 42. Ke2 Rfg8 43. Rh1 Rxg3 44. Rxf5 Kxf5 45.
Nxg3+ Rxg3 46. Rxh5+ Kf4 47. Rh4+ Kg5 48. Rh2 b5 49. Kd2 b6 50. Rh7 Kf5 51.
Rh5+ Kf6 52. Rh8 Rg6 53. Rc8 Kf5 54. Rf8+ Ke6 55. Rd8 Ke7 56. Rd5 Ke6 57. Rd8
Kf5 58. Rf8+ Rf6 59. Rh8 Ke6 60. Rd8 Ke7 61. Rd5 Re6 62. b4 e4 1/2-1/2

[Event "30th NATO Chess Championship"]
[Site "Berlin"]
[Date "2019.09.18"]
[Round "4.30"]
[White "Geroly, Jozsef"]
[Black "Aagaard, Gert"]
[Result "0-1"]
[WhiteElo "1766"]
[BlackElo "2029"]
[PlyCount "86"]
[EventDate "2019.09.16"]
[EventType "team-tourn"]
[EventRounds "7"]
[EventCountry "GER"]

1. Nf3 Nf6 2. d4 d5 3. g3 Bf5 4. Bg2 e6 5. c4 c6 6. O-O Be7 7. Nc3 O-O 8. a3 a6
9. b4 dxc4 10. Ne5 b5 11. Nxc6 Nxc6 12. Bxc6 Bh3 13. Bxa8 Qxa8 14. f3 Bxf1 15.
Kxf1 Nd5 16. Qc2 Rd8 17. e4 Nxc3 18. Qxc3 h5 19. Bb2 Bf6 20. Qe3 Qa7 21. e5 Be7
22. Bc3 Rd5 23. f4 Qd7 24. Rd1 Bd8 25. Kf2 Bb6 26. Rd2 Qd8 27. Qe4 g6 28. Ke3
a5 29. h3 axb4 30. axb4 Qa8 31. Qb1 Qa7 32. Qa1 Qxa1 33. Bxa1 Kf8 34. Ke4 Ke7
35. g4 hxg4 36. hxg4 Bc7 37. f5 Bxe5 38. Ra2 Bc7 39. Ra7 gxf5+ 40. gxf5 Kd7 41.
Bc3 Rxf5 42. Be1 Kc6 43. d5+ Rxd5 0-1

[Event "30th NATO Chess Championship"]
[Site "Berlin"]
[Date "2019.09.18"]
[Round "4.31"]
[White "Stankowski, Aleksander"]
[Black "Ivsek, Cveto"]
[Result "1-0"]
[WhiteElo "2022"]
[BlackElo "1755"]
[PlyCount "139"]
[EventDate "2019.09.16"]
[EventType "team-tourn"]
[EventRounds "7"]
[EventCountry "GER"]
[WhiteTeam "POL"]
[BlackTeam "SLO"]

1. Nf3 d5 2. g3 c6 3. Bg2 Bf5 4. O-O Nd7 5. d3 Ngf6 6. Nc3 e6 7. Nh4 Bg6 8. e4
Bb4 9. Bg5 Be7 10. h3 Qb6 11. exd5 cxd5 12. Qd2 Rc8 13. Rfe1 Qxb2 14. Nxd5 Rxc2
15. Qf4 Nxd5 16. Bxd5 Bxg5 17. Qxg5 O-O 18. Bb3 Rxf2 19. Qe3 Rf6 20. Rac1 Nb6
21. Rc2 Qa3 22. Qd4 Qe7 23. g4 Rd8 24. Qe5 Qd6 25. Rc7 Qxe5 26. Rxe5 Bxd3 27.
Rxb7 Nd5 28. Bxd5 Kf8 29. Bf3 h6 30. Kf2 Bc4 31. Rb2 g5 32. Ng2 Rd3 33. Re3 Rd6
34. Rc2 Bb5 35. Kg3 a6 36. Be4 Rd4 37. Rf3 Rxf3+ 38. Kxf3 Rd1 39. Ne3 Rh1 40.
Kg2 Re1 41. Kf2 Ra1 42. Rb2 Rc1 43. Rc2 Ra1 44. Bf3 Bd3 45. Rd2 Bb5 46. Bd1 Rb1
47. a4 Bc6 48. Rd6 Rc1 49. Bc2 Bd5 50. Rxa6 Rh1 51. Nxd5 exd5 52. Ke3 Rxh3+ 53.
Kd4 h5 54. gxh5 Rxh5 55. Kxd5 g4+ 56. Ke4 Rc5 57. Bd3 g3 58. Kf3 Rc3 59. Rd6
Ke7 60. Rd4 Ra3 61. Kxg3 Ke6 62. Kf4 Ra1 63. Bc4+ Ke7 64. Bb5 Rc1 65. Ke5 Re1+
66. Kd5 Kd8 67. Kc6+ Kc8 68. Kb6 Re6+ 69. Bc6 Re1 70. Bb7+ 1-0

[Event "30th NATO Chess Championship"]
[Site "Berlin"]
[Date "2019.09.18"]
[Round "4.32"]
[White "Kries, Yvon"]
[Black "Nilsson, Erik"]
[Result "0-1"]
[WhiteElo "1741"]
[BlackElo "2022"]
[PlyCount "116"]
[EventDate "2019.09.16"]
[EventType "team-tourn"]
[EventRounds "7"]
[EventCountry "GER"]
[WhiteTeam "LUX"]
[BlackTeam "DEN"]

1. d4 Nf6 2. c4 c5 3. Nf3 cxd4 4. Nxd4 e5 5. Nb5 d5 6. N5a3 Nc6 7. g3 Be6 8.
Bg2 Bb4+ 9. Bd2 Be7 10. O-O h6 11. Qa4 O-O 12. Nc3 d4 13. Ne4 Nd7 14. Be1 Nb6
15. Qc2 Bxa3 16. bxa3 Bxc4 17. Bb4 Nxb4 18. axb4 d3 19. Qb2 dxe2 20. Rfe1 Qd4
21. Qa3 Rfd8 22. Nc3 Rd7 23. Rac1 Nd5 24. Nxe2 Bxe2 25. Rxe2 Qxb4 26. Qxb4 Nxb4
27. Rb1 Nc6 28. Reb2 Nd8 29. Bxb7 Nxb7 30. Rxb7 Rad8 31. Kg2 Kf8 32. a4 Ke7 33.
a5 Kd6 34. a6 Rxb7 35. Rxb7 Rd7 36. Rb2 Rc7 37. Rb3 h5 38. Kf3 f5 39. h3 g6 40.
h4 Rc6 41. Ra3 Rc5 42. Ke3 Kc6 43. f3 Kb6 44. Rd3 Rc6 45. g4 Kxa6 46. gxf5 gxf5
47. Rd5 Re6 48. Rd7 Kb6 49. Rh7 a5 50. Rxh5 a4 51. Kd3 e4+ 52. fxe4 fxe4+ 53.
Ke3 a3 54. Rg5 a2 55. Rg1 Kc5 56. Ra1 Ra6 57. h5 Kc4 58. h6 Kb3 0-1

[Event "30th NATO Chess Championship"]
[Site "Berlin"]
[Date "2019.09.18"]
[Round "4.33"]
[White "Cheung, Jan W"]
[Black "Sarnovska, Eira"]
[Result "1-0"]
[WhiteElo "2015"]
[BlackElo "1669"]
[PlyCount "57"]
[EventDate "2019.09.16"]
[EventType "team-tourn"]
[EventRounds "7"]
[EventCountry "GER"]
[WhiteTeam "NED"]
[BlackTeam "LAT"]

1. d4 d5 2. c4 c6 3. Nf3 Nf6 4. Nc3 a6 5. c5 b6 6. cxb6 Qxb6 7. Na4 Qd8 8. Bd2
Nbd7 9. Rc1 Bb7 10. e3 e6 11. Bd3 Bd6 12. Qc2 a5 13. O-O O-O 14. a3 Qe7 15.
Rfe1 Rfc8 16. Nc5 Bxc5 17. dxc5 Ba6 18. Bxa6 Rxa6 19. Nd4 Ne4 20. b4 axb4 21.
Bxb4 Rca8 22. f3 Nef6 23. e4 dxe4 24. fxe4 Ng4 25. h3 Nge5 26. Qe2 Qh4 27. Red1
Nf6 28. Qxa6 Rd8 29. Nf5 1-0

[Event "30th NATO Chess Championship"]
[Site "Berlin"]
[Date "2019.09.18"]
[Round "4.34"]
[White "Tikerpuu, Mati"]
[Black "Balmaceda, Enrico"]
[Result "1/2-1/2"]
[WhiteElo "1717"]
[BlackElo "2006"]
[PlyCount "44"]
[EventDate "2019.09.16"]
[EventType "team-tourn"]
[EventRounds "7"]
[EventCountry "GER"]
[WhiteTeam "EST"]
[BlackTeam "USA"]

1. b4 e5 2. Bb2 d6 3. e4 Nf6 4. Nc3 Be7 5. Bc4 O-O 6. Nge2 Be6 7. Bxe6 fxe6 8.
d4 exd4 9. Nxd4 Qd7 10. O-O Nc6 11. a3 Nxd4 12. Qxd4 e5 13. Qd3 c6 14. Rad1 Nh5
15. Ne2 Qg4 16. h3 Qg6 17. Bc1 Nf4 18. Nxf4 exf4 19. Qf3 Qf7 20. Rfe1 Rad8 21.
Bb2 Bf6 22. Bxf6 Qxf6 1/2-1/2

[Event "30th NATO Chess Championship"]
[Site "Berlin"]
[Date "2019.09.18"]
[Round "4.35"]
[White "Abbate, Giovanni"]
[Black "Hof - Van Run, Rieke"]
[Result "0-1"]
[WhiteElo "1600"]
[BlackElo "2076"]
[PlyCount "58"]
[EventDate "2019.09.16"]
[EventType "team-tourn"]
[EventRounds "7"]
[EventCountry "GER"]
[WhiteTeam "ITA"]
[BlackTeam "NED"]

1. e4 c5 2. g3 Nc6 3. Bg2 d6 4. d3 g6 5. Nc3 Bg7 6. Nge2 e6 7. a3 Nge7 8. O-O
O-O 9. Rb1 Nd4 10. Nxd4 cxd4 11. Ne2 e5 12. h3 f5 13. Kh2 Qc7 14. Bg5 Nc6 15.
Qd2 Be6 16. b4 Rac8 17. Rbc1 a6 18. c4 dxc3 19. Nxc3 Qd7 20. exf5 gxf5 21. Nd5
Qf7 22. Nb6 Rc7 23. Qc2 Qh5 24. Be3 f4 25. gxf4 exf4 26. Bd5 Qxh3+ 27. Kg1 Bxd5
28. Nxd5 f3 29. Nf4 Rxf4 0-1

[Event "30th NATO Chess Championship"]
[Site "Berlin"]
[Date "2019.09.18"]
[Round "4.36"]
[White "Ntalabiras, Spyros"]
[Black "Farrell, John F"]
[Result "1/2-1/2"]
[WhiteElo "1806"]
[BlackElo "1985"]
[PlyCount "50"]
[EventDate "2019.09.16"]
[EventType "team-tourn"]
[EventRounds "7"]
[EventCountry "GER"]
[WhiteTeam "GRE"]
[BlackTeam "USA"]

1. e4 e5 2. Nf3 Nf6 3. Nxe5 d6 4. Nf3 Nxe4 5. Nc3 Nxc3 6. dxc3 Be7 7. Be3 Nc6
8. Qd2 Bf5 9. O-O-O O-O 10. Bd3 Bxd3 11. Qxd3 Bf6 12. h4 Ne5 13. Nxe5 dxe5 14.
Qe4 Qe7 15. g4 g6 16. g5 Bh8 17. h5 c6 18. Rh2 Qe6 19. Kb1 Rae8 20. Rdh1 Qf5
21. Qg2 Re7 22. hxg6 fxg6 23. Qh3 Qxh3 24. Rxh3 Ref7 25. Kc1 b6 1/2-1/2

[Event "30th NATO Chess Championship"]
[Site "Berlin"]
[Date "2019.09.18"]
[Round "4.37"]
[White "Meiers, Gundars"]
[Black "Ermalis, Rytis"]
[Result "0-1"]
[WhiteElo "1785"]
[BlackElo "1960"]
[PlyCount "120"]
[EventDate "2019.09.16"]
[EventType "team-tourn"]
[EventRounds "7"]
[EventCountry "GER"]
[WhiteTeam "LAT"]
[BlackTeam "LTU"]

1. d4 Nf6 2. c4 c5 3. d5 e6 4. Nc3 exd5 5. cxd5 d6 6. e4 g6 7. Bg5 Bg7 8. Bd3
O-O 9. Qd2 Re8 10. f3 Na6 11. a3 Bd7 12. Nge2 Nc7 13. a4 a6 14. a5 Bb5 15. Bxb5
Nxb5 16. Na4 h6 17. Be3 Nd7 18. O-O Kh7 19. Nac3 Ne5 20. Ra4 Qd7 21. Qc2 Rac8
22. Qd1 Qe7 23. f4 Ng4 24. Bc1 f5 25. h3 Nf6 26. exf5 gxf5 27. Ng3 Nd4 28. Rxd4
cxd4 29. Nxf5 Qc7 30. Qxd4 Ne4 31. Qxg7+ Qxg7 32. Nxg7 Kxg7 33. f5 Ng3 34. f6+
Kf7 35. Rd1 Ne2+ 36. Nxe2 Rxe2 37. Bxh6 Rcc2 38. Bf4 Rxg2+ 39. Kh1 Rxb2 40.
Bxd6 Kxf6 41. Re1 Rge2 42. Rf1+ Kg6 43. Bg3 Rb5 44. Rd1 Rb3 45. Rg1 Rd3 46. d6
Kf7 47. h4 Kg6 48. Rg2 Rxg2 49. Kxg2 Kh5 50. Bf2 Rxd6 51. Bb6 Kxh4 52. Kf3 Kg5
53. Ke4 Kf6 54. Bd4+ Ke6 55. Bc5 Rd5 56. Bb6 Kd6 57. Bc7+ Kc6 58. Bb6 Rd1 59.
Ke5 Kb5 60. Bc7 Ra1 0-1

[Event "30th NATO Chess Championship"]
[Site "Berlin"]
[Date "2019.09.18"]
[Round "4.38"]
[White "Voroblievas, Arturas"]
[Black "Kruit, Erik"]
[Result "1-0"]
[WhiteElo "1762"]
[BlackElo "1941"]
[PlyCount "47"]
[EventDate "2019.09.16"]
[EventType "team-tourn"]
[EventRounds "7"]
[EventCountry "GER"]
[WhiteTeam "LTU"]
[BlackTeam "NED"]

1. e4 c5 2. Nf3 d6 3. d4 cxd4 4. Nxd4 g6 5. Nc3 Bg7 6. Be3 Nf6 7. Bc4 O-O 8. f3
Nc6 9. Qd2 Ne5 10. Bb3 a6 11. O-O-O b5 12. g4 Bd7 13. h4 h5 14. Nd5 Nfxg4 15.
fxg4 Nxg4 16. Bg5 Re8 17. Rhf1 Ne5 18. Kb1 Bg4 19. Rde1 Nc4 20. Bxc4 bxc4 21.
Nc6 Qd7 22. Ncxe7+ Kh7 23. Rxf7 Qb5 24. Bf6 1-0

[Event "30th NATO Chess Championship"]
[Site "Berlin"]
[Date "2019.09.18"]
[Round "4.39"]
[White "Heran-Boily, Samuel"]
[Black "Ivbulis, Martins"]
[Result "0-1"]
[WhiteElo "1933"]
[BlackElo "1795"]
[PlyCount "68"]
[EventDate "2019.09.16"]
[EventType "team-tourn"]
[EventRounds "7"]
[EventCountry "GER"]
[WhiteTeam "CAN"]
[BlackTeam "LAT"]

1. e4 c5 2. Nf3 Nc6 3. Bc4 d6 4. O-O g6 5. c3 Bg7 6. d3 e6 7. Re1 Nge7 8. Bf4
O-O 9. Nbd2 a6 10. a4 Rb8 11. Qc2 b5 12. axb5 axb5 13. Bb3 h6 14. Ra2 g5 15.
Bg3 Ng6 16. h3 Rb6 17. Rea1 d5 18. c4 Nb4 19. Qb1 Nxa2 20. Rxa2 dxc4 21. dxc4
bxc4 22. Bxc4 Bb7 23. Nb3 h5 24. Nxc5 g4 25. hxg4 hxg4 26. Nh2 Qd4 27. Nxb7
Rxb7 28. b3 Qxc4 29. Ra7 Rxb3 30. Qd1 Rxg3 31. Ra4 Qb3 32. Qd7 Qb1+ 33. Nf1 Rd3
34. Rb4 Qxf1+ 0-1

[Event "30th NATO Chess Championship"]
[Site "Berlin"]
[Date "2019.09.18"]
[Round "4.40"]
[White "Ward, James"]
[Black "Simard, Francois"]
[Result "0-1"]
[WhiteElo "1923"]
[BlackElo "1755"]
[PlyCount "66"]
[EventDate "2019.09.16"]
[EventType "team-tourn"]
[EventRounds "7"]
[EventCountry "GER"]
[WhiteTeam "ENG"]
[BlackTeam "CAN"]

1. c4 e6 2. g3 d5 3. cxd5 exd5 4. Bg2 Nf6 5. d4 c6 6. Nc3 Bf5 7. Qb3 Qc8 8. Bf4
Nbd7 9. Rc1 Nb6 10. a4 Qd7 11. Nf3 Nc4 12. Ne5 Nxe5 13. Bxe5 Be7 14. O-O O-O
15. Bf4 Bh3 16. Rfe1 Bxg2 17. Kxg2 Nh5 18. Bd2 Rab8 19. Na2 Nf6 20. Bb4 Bxb4
21. Nxb4 Ne4 22. Nd3 Nd6 23. Ne5 Qe7 24. Qa3 Rbe8 25. f3 Nf5 26. Qd3 Nxd4 27.
Nxf7 Nxe2 28. Qd2 Rxf7 29. Rc2 Nf4+ 30. Kf1 Qxe1+ 31. Qxe1 Rxe1+ 32. Kxe1 Re7+
33. Kf1 Nd3 0-1